000 00515nam a2200193 a 4500
005 20210223125319.0
008 040303s1994 mx r 000 0 spa d
020 _a9507243496
035 _aUPN01000132397
049 _aCG
050 4 _aBF458
_bR8.8
100 1 _aRubino, Vicente
245 1 0 _aSĂ­mbolos, mitos y laberintos /
_cVicente Rubino.
260 _aBuenos Aires :
_bLumen,
_cc1994.
300 _a132 p. :
_bil.
440 0 _aPsicologĂ­a
650 4 _aSIMBOLISMO (PSICOLOGIA)
_918469
905 _aLibro
999 _c104552
_d104552